[Event "Titled Tuesday intern op 18th Mar Late"]
[Site "Chess.com INT"]
[Date "2025.03.18"]
[Round "10"]
[White "Souleidis, Georgios"]
[Black "Kurmangaliyeva, Liya"]
[Result "0-1"]
[WhiteElo "2418"]
[BlackElo "2272"]
[PlyCount "148"]
[EventDate "2025.03.18"]
[EventType "swiss (blitz)"]
[EventRounds "11"]
[EventCountry "USA"]
[SourceTitle "CB13_2025"]
[SourceDate "2025.03.26"]
[SourceVersion "1"]
[SourceVersionDate "2025.03.26"]
[SourceQuality "1"]

1. e4 Nc6 2. Nf3 e5 3. Bc4 Bc5 4. d3 d6 5. a4 Nf6 6. Be3 Bxe3 7. fxe3 0-0 8. 0-0 Be6 9. Nbd2 a5 10. Qe1 Qe7 11. Nh4 Bxc4 12. Nf5 Qe6 13. Nxc4 Nxe4 14. dxe4 Qxc4 15. Qg3 g6 16. Qh4 Qe6 17. Nh6+ Kg7 18. Ng4 f6 19. Qh6+ Kg8 20. Qh4 Kg7 21. Qh6+ Kg8 22. Qh4 f5 23. exf5 gxf5 24. Qg5+ Kh8 25. Nh6 Ne7 26. Rf3 Rf6 27. Ng4 Rg6 28. Qh5 Rxg4 29. Raf1 Rag8 30. Rh3 Qg6 31. g3 Qxh5 32. Rxh5 R4g5 33. Rh6 R5g6 34. Rh4 Kg7 35. Rc4 Nc6 36. c3 Rf8 37. b4 axb4 38. cxb4 Rf7 39. b5 Na5 40. Rc3 d5 41. Rfc1 c6 42. bxc6 Nxc6 43. Rc5 d4 44. exd4 exd4 45. a5 Rff6 46. Rb1 Rf7 47. Rbc1 Nb4 48. Rd1 Rd6 49. Rc4 Nc6 50. Rc5 d3 51. Kf2 Kg6 52. Ke3 Re7+ 53. Kf3 Red7 54. Rd2 Rd5 55. Rc3 Nxa5 56. h3 b5 57. Rc8 Nc4 58. Rc6+ R7d6 59. Rxd6+ Rxd6 60. Rd1 d2 61. Ke2 Kf6 62. g4 f4 63. h4 Ke5 64. g5 Ke4 65. h5 f3+ 66. Kf2 Ne3 67. Rxd2 Rxd2+ 68. Kg3 Rg2+ 69. Kh4 Nf5+ 70. Kh3 Rxg5 71. h6 f2 72. Kh2 Rg6 73. Kh3 f1Q+ 74. Kh2 Qg2# 0-1

[Event "Titled Tuesday intern op 11th Mar Late"]
[Site "Chess.com INT"]
[Date "2025.03.11"]
[Round "5"]
[White "Klukin, Kirill"]
[Black "Kurmangaliyeva, Liya"]
[Result "1-0"]
[WhiteElo "2430"]
[BlackElo "2272"]
[PlyCount "129"]
[EventDate "2025.03.11"]
[EventType "swiss (blitz)"]
[EventRounds "11"]
[EventCountry "USA"]
[SourceTitle "CB12_2025"]
[SourceDate "2025.03.19"]
[SourceVersion "1"]
[SourceVersionDate "2025.03.19"]
[SourceQuality "1"]

1. Nf3 d5 2. e3 Nc6 3. d4 Bf5 4. a3 e6 5. c4 Nf6 6. Nc3 h6 7. cxd5 exd5 8. Bb5 Bd6 9. Ne5 Bd7 10. Nxd7 Qxd7 11. Qf3 Qe6 12. 0-0 0-0 13. b4 a5 14. Bxc6 bxc6 15. b5 c5 16. dxc5 Bxc5 17. Rd1 Rfd8 18. Bb2 a4 19. Rac1 Bb6 20. Ne2 Ne4 21. Nf4 Qf5 22. h3 d4 23. Bxd4 Bxd4 24. Rxd4 Rxd4 25. exd4 Rd8 26. Ne2 Qxf3 27. gxf3 Nd6 28. Rc5 Rb8 29. Nc3 Rb7 30. Kf1 Kf8 31. Ke2 Ke7 32. Kd3 Kd7 33. Rd5 Ke6 34. Re5+ Kd7 35. h4 Rb8 36. Rd5 Ke6 37. Rc5 Kd7 38. h5 Rb6 39. Rd5 Ke6 40. Re5+ Kd7 41. f4 Rb8 42. Nxa4 Nxb5 43. Nc5+ Kd6 44. a4 Na7 45. Ne4+ Kd7 46. Rd5+ Kc6 47. Rc5+ Kb6 48. Nc3 Rd8 49. Nd5+ Ka6 50. Nxc7+ Kb6 51. Nd5+ Ka6 52. Kc4 Nc8 53. Nb4+ Kb7 54. a5 Nd6+ 55. Kb3 Re8 56. a6+ Ka7 57. Rc7+ Kb8 58. Rc6 Nc8 59. Nd5 Re6 60. Rxe6 fxe6 61. Nb4 Ka7 62. Kc4 Kb6 63. d5 Nd6+ 64. Kd4 Nf5+ 65. Ke5 1-0

[Event "Titled Tuesday intern op 11th Mar Early"]
[Site "Chess.com INT"]
[Date "2025.03.11"]
[Round "3"]
[White "Kurmangaliyeva, Liya"]
[Black "Dzhumagaliev, Yan"]
[Result "0-1"]
[WhiteElo "2272"]
[BlackElo "2411"]
[PlyCount "96"]
[EventDate "2025.03.11"]
[EventType "swiss (blitz)"]
[EventRounds "11"]
[EventCountry "USA"]
[SourceTitle "CB12_2025"]
[SourceDate "2025.03.19"]
[SourceVersion "1"]
[SourceVersionDate "2025.03.19"]
[SourceQuality "1"]

1. d4 h5 2. e4 h4 3. h3 c6 4. Nc3 d5 5. Nf3 dxe4 6. Nxe4 Bf5 7. Bd3 Nf6 8. Nxf6+ gxf6 9. c3 Qd7 10. Bf4 Qe6+ 11. Kf1 Nd7 12. Qe2 Bxd3 13. Qxd3 Nb6 14. b3 Nd5 15. Bd2 0-0-0 16. Re1 Qd6 17. c4 Nc7 18. Qf5+ Kb8 19. Bf4 Qd7 20. Qa5 b6 21. Qa4 e6 22. Kg1 Kb7 23. b4 Rg8 24. Bxc7 Qxc7 25. c5 b5 26. Qb3 Bh6 27. Kf1 Qf4 28. Qe3 Qxe3 29. fxe3 a5 30. bxa5 Ra8 31. Nxh4 Rxa5 32. Re2 Rga8 33. Kf2 Rxa2 34. g4 R8a3 35. Ng2 Ka6 36. Rb1 Ka5 37. h4 b4 38. Nf4 Kb5 39. Nh5 Bxe3+ 40. Ke1 Bxd4 41. Re4 Bc3+ 42. Kf1 Rh2 43. Kg1 Rxh4 44. Ng3 b3 45. Ne2 Be5 46. Re3 Rxg4+ 47. Kf2 Rb4 48. Nc1 Bd4 0-1

[Event "Titled Tuesday intern op 11th Mar Late"]
[Site "Chess.com INT"]
[Date "2025.03.11"]
[Round "6"]
[White "Kurmangaliyeva, Liya"]
[Black "Kubatko, Ivan"]
[Result "0-1"]
[WhiteElo "2272"]
[BlackElo "2257"]
[PlyCount "124"]
[EventDate "2025.03.11"]
[EventType "swiss (blitz)"]
[EventRounds "11"]
[EventCountry "USA"]
[SourceTitle "CB12_2025"]
[SourceDate "2025.03.19"]
[SourceVersion "1"]
[SourceVersionDate "2025.03.19"]
[SourceQuality "1"]

1. d4 d5 2. c4 e6 3. Nf3 c5 4. cxd5 exd5 5. g3 Nc6 6. Bg2 Nf6 7. 0-0 Be7 8. Nc3 0-0 9. Bf4 c4 10. Ne5 Be6 11. e3 Qa5 12. h4 Rac8 13. a4 a6 14. Bg5 h6 15. Bxf6 Bxf6 16. f4 Ne7 17. Qe1 Qb6 18. Qf2 g6 19. h5 Bg7 20. Bf3 Qd6 21. g4 gxh5 22. f5 hxg4 23. Bxg4 Bxe5 24. dxe5 Qxe5 25. fxe6 fxe6 26. Qe2 Kh8 27. Kh1 Ng6 28. Qh2 Qxh2+ 29. Kxh2 Rce8 30. Rxf8+ Nxf8 31. Rf1 Kg7 32. Kg3 Ng6 33. Bh5 Re7 34. Ne2 Ne5 35. Nd4 Nc6 36. Nf3 b5 37. axb5 axb5 38. Ra1 b4 39. Nd4 Nxd4 40. exd4 e5 41. dxe5 Rxe5 42. Bf3 d4 43. Ra7+ Kf6 44. Rc7 c3 45. bxc3 bxc3 46. Kf2 Ra5 47. Rc4 Ke5 48. Be2 Ra2 49. Kf3 Rd2 50. Rc5+ Kd6 51. Rc8 c2 52. Bb5 d3 53. Ke3 Rd1 54. Rc6+ Kd5 55. Rc8 c1Q+ 56. Rxc1 Rxc1 57. Bxd3 Ke5 58. Kf2 Ra1 59. Bg6 Ra3 60. Kg2 Kf4 61. Be8 Re3 62. Kh2 Rxe8 0-1

[Event "Titled Tuesday intern op 11th Mar Late"]
[Site "Chess.com INT"]
[Date "2025.03.11"]
[Round "1"]
[White "Kurmangaliyeva, Liya"]
[Black "Sarana, Alexey"]
[Result "0-1"]
[WhiteElo "2272"]
[BlackElo "2689"]
[PlyCount "70"]
[EventDate "2025.03.11"]
[EventType "swiss (blitz)"]
[EventRounds "11"]
[EventCountry "USA"]
[SourceTitle "CB12_2025"]
[SourceDate "2025.03.19"]
[SourceVersion "1"]
[SourceVersionDate "2025.03.19"]
[SourceQuality "1"]

1. d4 Nf6 2. c4 e6 3. Nf3 d5 4. Nc3 Nbd7 5. cxd5 exd5 6. Bf4 Bb4 7. e3 Ne4 8. Qc2 g5 9. Be5 Nxe5 10. Nxe5 c6 11. Bd3 Nf6 12. 0-0 Qe7 13. a3 Bd6 14. f4 Be6 15. b4 0-0-0 16. Na4 Kb8 17. b5 cxb5 18. Bxb5 gxf4 19. exf4 Ne4 20. Rab1 Bxe5 21. fxe5 Rc8 22. Qd3 Rhg8 23. Rb2 Rc7 24. Qf3 Qg5 25. Bd3 Nd2 26. Rxd2 Qxd2 27. Nc5 Qc3 28. Qe3 Qxa3 29. Rb1 Ka8 30. Qd2 b6 31. Nb3 Qa4 32. Bxh7 Rh8 33. Bd3 Rhc8 34. h4 Rc3 35. Nc1 Qxd4+ 0-1

[Event "Titled Tuesday intern op 11th Mar Late"]
[Site "Chess.com INT"]
[Date "2025.03.11"]
[Round "4"]
[White "Meylan, Andre"]
[Black "Kurmangaliyeva, Liya"]
[Result "0-1"]
[WhiteElo "2138"]
[BlackElo "2272"]
[PlyCount "150"]
[EventDate "2025.03.11"]
[EventType "swiss (blitz)"]
[EventRounds "11"]
[EventCountry "USA"]
[SourceTitle "CB12_2025"]
[SourceDate "2025.03.19"]
[SourceVersion "1"]
[SourceVersionDate "2025.03.19"]
[SourceQuality "1"]

1. e4 Nc6 2. Nc3 Nf6 3. Nf3 d5 4. exd5 Nxd5 5. Bc4 Nb6 6. Bb3 Bf5 7. d4 e6 8. 0-0 Be7 9. d5 exd5 10. Nxd5 Nxd5 11. Bxd5 0-0 12. Bxc6 bxc6 13. c3 Bd6 14. Nd4 Be4 15. Qg4 Re8 16. Bg5 Qc8 17. Qxc8 Raxc8 18. Rfe1 Rb8 19. Re2 c5 20. Nb3 c4 21. Nd2 Bd3 22. Rxe8+ Rxe8 23. Be3 a5 24. b3 Be5 25. Nxc4 Bxc4 26. bxc4 Bxc3 27. Rb1 Bb4 28. Kf1 h6 29. g3 Re4 30. Rc1 g5 31. h3 Kg7 32. Kg2 Kg6 33. Kf3 Re6 34. Rd1 Rc6 35. c5 Kf5 36. Rd5+ Ke6 37. Ke4 Bc3 38. g4 a4 39. Rd3 Bb2 40. Rd8 a3 41. Re8+ Kd7 42. Rf8 Ke7 43. Ra8 Re6+ 44. Kd5 c6+ 45. Kc4 Re4+ 46. Kd3 Rb4 47. Ra7+ Ke6 48. h4 Rxg4 49. hxg5 hxg5 50. Ra8 Kd5 51. Re8 f5 52. Rd8+ Ke6 53. Rf8 f4 54. Bd4 Rg2 55. Bxb2 axb2 56. Rb8 Rxf2 57. a4 Kd5 58. a5 Rf3+ 59. Kc2 Ra3 60. Rxb2 Rxa5 61. Kd2 Rxc5 62. Ke2 Ke4 63. Rb4+ Kf5 64. Ra4 Kg4 65. Ra6 Rc2+ 66. Kf1 Kg3 67. Ra3+ f3 68. Ra1 g4 69. Kg1 Kh3 70. Kh1 g3 71. Rb1 Rh2+ 72. Kg1 f2+ 73. Kf1 Rh1+ 74. Ke2 Rxb1 75. Kd2 f1Q 0-1

[Event "Titled Tuesday intern op 11th Mar Early"]
[Site "Chess.com INT"]
[Date "2025.03.11"]
[Round "11"]
[White "Otero Marino, Alain"]
[Black "Kurmangaliyeva, Liya"]
[Result "0-1"]
[WhiteElo "2270"]
[BlackElo "2272"]
[PlyCount "54"]
[EventDate "2025.03.11"]
[EventType "swiss (blitz)"]
[EventRounds "11"]
[EventCountry "USA"]
[SourceTitle "CB12_2025"]
[SourceDate "2025.03.19"]
[SourceVersion "1"]
[SourceVersionDate "2025.03.19"]
[SourceQuality "1"]

1. e4 Nc6 2. Nf3 e5 3. Bb5 a6 4. Ba4 Nf6 5. 0-0 Bc5 6. c3 b5 7. Bb3 d6 8. a4 Rb8 9. d4 Bb6 10. axb5 axb5 11. Na3 0-0 12. Nxb5 exd4 13. cxd4 Na5 14. Bc2 Ba6 15. Bd3 Bxb5 16. Bxb5 Nxe4 17. Bd3 d5 18. Ne5 Qd6 19. Bf4 Qe6 20. Ra4 Nc6 21. Nxc6 Qxc6 22. h4 Rfe8 23. h5 h6 24. Re1 Qf6 25. Be5 Qxf2+ 26. Kh1 Rxe5 27. dxe5 Qh4# 0-1

[Event "Titled Tuesday intern op 11th Mar Late"]
[Site "Chess.com INT"]
[Date "2025.03.11"]
[Round "8"]
[White "Radionov, Timur"]
[Black "Kurmangaliyeva, Liya"]
[Result "0-1"]
[WhiteElo "2200"]
[BlackElo "2272"]
[PlyCount "50"]
[EventDate "2025.03.11"]
[EventType "swiss (blitz)"]
[EventRounds "11"]
[EventCountry "USA"]
[SourceTitle "CB12_2025"]
[SourceDate "2025.03.19"]
[SourceVersion "1"]
[SourceVersionDate "2025.03.19"]
[SourceQuality "1"]

1. e4 Nc6 2. Nf3 d5 3. exd5 Qxd5 4. Nc3 Qh5 5. d4 Bg4 6. Bb5 e6 7. d5 0-0-0 8. Bxc6 bxc6 9. Qd3 cxd5 10. Qa6+ Kb8 11. Nb5 Bc5 12. Be3 d4 13. Nfxd4 Ne7 14. a4 Qd5 15. Ra3 e5 16. Rb3 Qxb3 17. cxb3 exd4 18. Bxd4 Bxd4 19. Nxd4 Rxd4 20. 0-0 Rhd8 21. Qb5+ Ka8 22. Re1 Rd1 23. Qe5 Rxe1+ 24. Qxe1 Rd1 25. Qxd1 Bxd1 0-1

[Event "Titled Tuesday intern op 11th Mar Early"]
[Site "Chess.com INT"]
[Date "2025.03.11"]
[Round "9"]
[White "Yevchenko, Alexander"]
[Black "Kurmangaliyeva, Liya"]
[Result "0-1"]
[WhiteElo "2276"]
[BlackElo "2272"]
[PlyCount "70"]
[EventDate "2025.03.11"]
[EventType "swiss (blitz)"]
[EventRounds "11"]
[EventCountry "USA"]
[SourceTitle "CB12_2025"]
[SourceDate "2025.03.19"]
[SourceVersion "1"]
[SourceVersionDate "2025.03.19"]
[SourceQuality "1"]

1. c4 e5 2. Nc3 Nf6 3. Nf3 Nc6 4. e3 Bb4 5. Qc2 0-0 6. Nd5 Re8 7. Ng5 g6 8. h4 Bf8 9. a3 d6 10. b3 Bf5 11. d3 Bg7 12. Bb2 h6 13. Nf3 e4 14. Nd2 Nxd5 15. Bxg7 Kxg7 16. cxd5 exd3 17. Bxd3 Bxd3 18. Qxd3 Ne5 19. Qd4 Kh7 20. h5 Qg5 21. hxg6+ fxg6 22. Ne4 Qf5 23. 0-0-0 Nd7 24. Rxh6+ Kxh6 25. Rh1+ Qh5 26. Rxh5+ Kxh5 27. Ng3+ Kh6 28. Qg4 Ne5 29. Qf4+ Kg7 30. Qd4 Kf7 31. f4 Nd7 32. f5 Ne5 33. fxg6+ Kxg6 34. Qe4+ Kf6 35. Qf5+ Ke7 0-1

[Event "Wch U20 Girls 41st"]
[Site "Petrovac"]
[Date "2025.03.07"]
[Round "11"]
[White "Kurmangaliyeva, Liya"]
[Black "Mrittika, Mallick"]
[Result "1-0"]
[WhiteElo "2251"]
[BlackElo "2058"]
[PlyCount "87"]
[EventDate "2025.02.25"]
[EventType "swiss"]
[EventRounds "11"]
[EventCountry "MNE"]
[SourceTitle "CB11_2025"]
[SourceDate "2025.03.12"]
[SourceVersion "1"]
[SourceVersionDate "2025.03.12"]
[SourceQuality "1"]

1. e4 c5 2. Nf3 d6 3. d4 cxd4 4. Nxd4 Nf6 5. Nc3 a6 6. h3 Nc6 7. Be3 e5 8. Nxc6 bxc6 9. Bc4 Bb7 10. Qf3 Be7 11. 0-0-0 0-0 12. g4 Nd7 13. h4 Nb6 14. Bb3 a5 15. a4 Ba6 16. Kb1 Qb8 17. g5 Bc4 18. h5 Bxb3 19. cxb3 Nc8 20. Ka2 Qb7 21. Rd3 Rb8 22. Qd1 Nb6 23. f4 exf4 24. Bxf4 Nd7 25. Bxd6 Bxd6 26. Rxd6 Nc5 27. h6 g6 28. Rh2 Nxb3 29. Qf1 Nc5 30. Qf6 Ne6 31. Rhd2 Qc7 32. e5 Rb4 33. Rd7 Qc8 34. Qe7 Rf4 35. R7d6 Re8 36. Qa7 Nxg5 37. Qxa5 Ne4 38. Nxe4 Rxe4 39. e6 R4xe6 40. Rd8 Qb7 41. Rxe8+ Rxe8 42. Qe5 Kf8 43. Qh8+ Ke7 44. Re2+ 1-0